000 00571nam a2200217Ia 4500
003 OSt
005 20230413105139.0
008 210423s2012 xx 000 0 und d
020 _a9780074620250
040 _cAL
041 _aeng
082 _a543.0858 BANC
100 _aBANWELL (Colin N);MCCASH (Elaine M).
_943642
245 _aFundamentals of molecular spectroscopy.
250 _a4
260 _aNew Delhi
_bTata McGrawhill
_c2012
300 _axii,308
_bPB
365 _b345
_cINR
906 _aFundamentals ; molecular ; spectroscopy.
942 _2ddc
_cBK
999 _c154894
_d154894